Héros littéraires # 3 - Statistiques

Statistiques générales
  • Ce quiz a été pris 10 623 fois
    9 217 depuis la dernière actualisation
  • Le résultat moyen est 7 sur 15
Statistiques - réponses
Indice Héros % Correct
Ilien solitaire, sauf le vendredi. Robinson Crusoé
75%
A passé une grande partie de sa vie pendu dans la jungle. Tarzan
75%
Homme d'une laideur repoussante qui travaille dans une célèbre cathédrale. Quasimodo
72%
Comme son nom l'indique, personne ne sait qui il est, même ses invités du Nautilus. Mais ce n'était pas un poisson clown ! Le Capitaine Nemo
66%
Souverain mythique qui aimait la camelote. Le roi Arthur
57%
Orphelin anglais errant dans les bas-fonds londoniens. Oliver Twist
56%
Une petite bien obéissante qui s'occupe bien de son grand-père suisse. Heidi
54%
Une petite désobéissante qui entretient le diabète de sa grand-mère. Le Petit Chaperon Rouge
51%
Criminel pas franchement végan. Hannibal Lecter
50%
Bagnard repenti également connu sous les noms de Madeleine, Fauchelevent ou encore Leblanc. Jean Valjean
47%
On attend, on attend, on n'en finit pas de l'attendre. Godot
43%
Notamment étudié par Goethe, il aurait pu s'écrier "Damned" s'il n'avait pas été allemand. Faust
25%
Jeune napoléonien ambitieux et bourreau des coeurs - qui finira sur l'échafaud. Julien Sorel
18%
Jeune fille sudiste au caractère bien trempé. Scarlett O'Hara
11%
Que les contes soient bleus ou rouges, elle n'est jamais en panne d'inspiration pour toute sorte de bêtises avec sa sœur Marinette. Delphine
9%
Aucun quiz correspondant
Distribution des résultats
% des personnes avec chaque résultat
Percentile par nombre de réponses
Votre historique - résultats
Vous n’avez pas pris ce quiz depuis la dernière actualisation